000 00342nam a2200157Ia 4500
100 _aKogent Learning solutions
650 _aJava
942 _cBK
366 _f25
654 _aJava 6
245 _aJAVA 6 and J2EE 1.5(java EE5)
260 _bDream tech
_c2010
082 _a5.133
_bKOG
300 _a825
546 _aENGLISH
_cPAMPHALETS
999 _c33482
_d33482